00330nam a2200121Ia 4500008004100000041000800041082001400049100002100063245004400084260004700128300002400175365000900199240624s9999 xx 000 0 und d aeng a368.3 MIL aMILEVSKY MOSHE A aCALCULUS OF RETIREMENT INCOME FINANCIAL c2006aNew YorkbCambridge University Press a321 : p. : cm. ; 24 cb30